| 000 | 01953nam a2200253 a 4500 | ||
|---|---|---|---|
| 001 | ASIN0814778666 | ||
| 005 | 20170105102931.0 | ||
| 008 | 140409s1987 xxu eng d | ||
| 020 |
_a0814778666 (hardcover) _c$45.00 |
||
| 020 | _a9780814778661 (hardcover) | ||
| 040 | _a0 | ||
| 050 | 0 | 4 | _aHM136 |
| 082 | 0 | 4 |
_a658.4 _bCON 1987 |
| 245 | 0 | 0 |
_aConflict management and problem solving : _binterpersonal to international affairs / _cDennis J.D. Sandole, Ingrid Sandole-Staroste. |
| 260 |
_a[S.l.] : _bNYU Press, _c1987. |
||
| 300 |
_a331 p. ; _c24 cm. |
||
| 520 | _aViolent conflicts exist at many levels throughout the modern world and their influence extends, in varying degrees, to all aspects of everyday living. Ways of responding to conflicts are especially important, therefore, to all professionals and policy-makers who deal with human relations, where conflict can be a major feature. This book is a unique presentation of the views of practitioners, theorists and researchers from a variety of disciplines, looking at conflict resolution. It looks at constructive alternatives to the traditional ways of dealing with conflict, providing solutions which fall outside the usual 'win-lose' parameters. It is also a 'state-of-the-art' examination of the newly emerging field of conflict management, which is currently gaining ground as a specific area of study in the United States throughout the world. Contents Part I: Conflict Management: Generic Theory, Research, and Practice Part II: Conflict Management: Interpersonal to International Levels Part III: Conflict Management: The International Level Part IV: Conflict Management: Generic Theory, Research and Practice Re-visited. | ||
| 650 | 0 | _aConflict management | |
| 650 | 0 | _aProblem solving | |
| 700 | 1 | _aSandole, Dennis J.D. | |
| 700 | 1 | _aSandole-Staroste, Ingrid. | |
| 856 | 4 | 0 |
_3Amazon.com _uhttp://www.amazon.com/exec/obidos/ASIN/0814778666/chopaconline-20 |
| 942 |
_2ddc _cBK |
||
| 999 |
_c16049 _d16049 |
||